000 00474nam a2200181 a 4500
001 10972
003 CO-ViMGA
008 141112s2004 ck r 000 u spa d
040 _aCO-ViMGA
_bspa
_cCO-ViMGA
082 0 4 _a843.91 S45v
100 1 _aSimon Claude,
_915091
245 1 0 _aEl Viento
260 _aBuenos Aires,
_cCompañia general fabril Editora,
_c1961
300 _a255 p.
490 _aColección Anaquel
650 1 4 _aNOVELA FRANCESA
_92629
942 _2ddc
_cBK
999 _c22190
_d22190